<?xml version="1.0" encoding="UTF-8"?>
<collection xmlns:xsi="http://www.w3.org/2001/XMLSchema-instance" xsi:schemaLocation="http://www.loc.gov/MARC21/slim http://www.loc.gov/standards/marcxml/schema/MARC21slim.xsd" xmlns="http://www.loc.gov/MARC21/slim">
 <record>
  <leader>00000ctm a22000003a 4500</leader>
  <controlfield tag="001">UP-99796217611306457</controlfield>
  <controlfield tag="003">Buklod</controlfield>
  <controlfield tag="005">20140616102836.0</controlfield>
  <controlfield tag="006">t     rm   |||| ud</controlfield>
  <controlfield tag="007">ta</controlfield>
  <controlfield tag="008">140616s2013    xx     d     r    |||| u|</controlfield>
  <datafield tag="035" ind1=" " ind2=" ">
   <subfield code="a">(iLib)UPD-00222304357</subfield>
  </datafield>
  <datafield tag="040" ind1=" " ind2=" ">
   <subfield code="a">DCFA</subfield>
  </datafield>
  <datafield tag="041" ind1=" " ind2=" ">
   <subfield code="a">eng</subfield>
  </datafield>
  <datafield tag="090" ind1=" " ind2=" ">
   <subfield code="a">LG 993.5 2013 F4</subfield>
   <subfield code="b">T36</subfield>
  </datafield>
  <datafield tag="100" ind1="1" ind2=" ">
   <subfield code="a">Tantuico, Natalya Bernice Regina C.</subfield>
  </datafield>
  <datafield tag="245" ind1="1" ind2="0">
   <subfield code="a">Illustrating alternate endings through the use of sequential art as a tool for behavioral therapy for Filipino Adolescents with attention deficit disorder</subfield>
   <subfield code="c">by Natalya Bernice Regina C. Tantuico ; adviser, Marc J. San Valentin.</subfield>
  </datafield>
  <datafield tag="264" ind1=" " ind2="1">
   <subfield code="c">2013.</subfield>
  </datafield>
  <datafield tag="300" ind1=" " ind2=" ">
   <subfield code="a">100 leaves</subfield>
   <subfield code="b">ill.</subfield>
  </datafield>
  <datafield tag="500" ind1=" " ind2=" ">
   <subfield code="a">&quot;April 2013&quot;</subfield>
  </datafield>
  <datafield tag="502" ind1=" " ind2=" ">
   <subfield code="a">Thesis (BFA)--University of the Philippines Diliman</subfield>
  </datafield>
  <datafield tag="520" ind1="3" ind2=" ">
   <subfield code="a">ttention Deficit Hyperactivity Disorder or AD/HD is defined as a neurological conditiuon that is characterized by problems with inattention, impulse control and hyperactivity, and always seem to have an &quot;on-the-go&quot; type of attitude (Low, MA, 2010), and the subtype of this which is AD/HD predominantly Inattentive type or Attention Deficit Disorder (ADD) has symptoms of inattention and having trouble finishing tasks or following directions; hyperactivity is not present but sluggishness and lethargy are present instead, as well as the inability to process information at a normal pace (Low, MA, 2010).  In the Philippines, the governing body taking charge of programs that cater to specifics groups of Filipinos like those who are persons with disabilities is the Department of Social Welfare and Development (DSWD); they conduct the National Disability Prevention and Rehabilitation Week every year in July in order to administer seminars and events about dealing and overcoming disabilities. Although there is the assumption that treatment of Attention Deficit Hyperactivity Disorder can be done through medical means alone, several studies have said that there are other aspects such as psychotherapy or behavioral therapy that should be involved as well (Hersen, 1986).  This paper documents the effects of Attention Deficit Disorder on adolescents, the effectiveness and current methods and tools of behavioral therapy used in the Philippines, and examines the effects of comic strips on Filipino adolescents with Attention Deficit Disorder, as well as the suggested output in the form of comic strips that might be effective in administering behavioral therapy to adolescents with Attention Deficit Disorder in the Philippine setting.  Usin qualitative data in the form of interviews with several licensed psychotherapists, developmental pediatricians and Special Education instructors who handle or who have experienced handling children and adolescents with Attention Deficit Disorder or Attention Deficit Htperactivity Disorder, as well as collating and analyzing secondary data from research materials involving the nature of ADD, behavioral therapy and sequential art, this study has been able to identify that (a) Attention Deficit Disorder is also known as the Inattentive type of Attention Deficit Hyperactivity Disorder, characterized by having no hyperactivity, and having more problems with focus or attention span; (B) Behavioral Therapy is adminsitered by trained therapists of Special Education teachers when there are visible behavioral signs and symptoms that impede a child's performance in school or interacting with peers, and also depending on the severity of the person's ADD or AD/HD; (c) children and adolescents with ADD or AD/HD perceive visual stimuli &quot;normally&quot; or the same way people without this disorder perceive visual stimuli and the use of visual materials is almost always included in the administration of behavioral therapy because they can stimulate the patient, and visual materials can be used as visual cues; (d) Comic strips would be useful in mediating information to patients with ADD or AD/HD because they incorporate the use of simpler visuals and text that may stimulate yet not distract the reader with ADD and AD/HD and (e) the use of colours or lines should be subtle--using light or calm colors, as to not distract the reader with ADD.</subfield>
  </datafield>
  <datafield tag="650" ind1=" " ind2="0">
   <subfield code="a">Interactive art</subfield>
   <subfield code="v">Comic books, strips, etc.</subfield>
   <subfield code="z">Philippines.</subfield>
  </datafield>
  <datafield tag="650" ind1=" " ind2="0">
   <subfield code="a">Attention-deficit disorder in adolescence</subfield>
   <subfield code="z">Philippines.</subfield>
  </datafield>
  <datafield tag="650" ind1=" " ind2="0">
   <subfield code="a">Behavior therapy for teenagers</subfield>
   <subfield code="z">Philippines.</subfield>
  </datafield>
  <datafield tag="658" ind1=" " ind2=" ">
   <subfield code="a">FA (Visual Communication).</subfield>
  </datafield>
  <datafield tag="700" ind1="1" ind2=" ">
   <subfield code="a">San Valentin, Marc J.</subfield>
   <subfield code="e">thesis adviser.</subfield>
  </datafield>
  <datafield tag="905" ind1=" " ind2=" ">
   <subfield code="a">FI</subfield>
  </datafield>
  <datafield tag="905" ind1=" " ind2=" ">
   <subfield code="a">UP</subfield>
  </datafield>
  <datafield tag="852" ind1="0" ind2=" ">
   <subfield code="a">UPD</subfield>
   <subfield code="b">DCFA</subfield>
   <subfield code="h">LG 993.5 2013 F4</subfield>
   <subfield code="i">T36</subfield>
  </datafield>
  <datafield tag="942" ind1=" " ind2=" ">
   <subfield code="a">Thesis</subfield>
  </datafield>
 </record>
</collection>
